00247nam a2200109Ia 4500008004100000082001500041100001900056245002000075250000800095260002600103300000800129150301s2007 xx 000 0 und d a641.6bMAL aMALIK, SANDEEP aBASIC OF BAKING a1ST bAMAN PUB. DELHIc2007 a296